000
00233nmm a2200085Ia 4500
008
220120s9999||||xx |||||||||||||||||und||
100
_a
Eriksson, Hans Erik et.al.
245
0
_a
UML 2 toolkit
260
_a
Mcgraw hill book company
_b
Denmark
999
_c
140015
_d
140015